00498nam a2200169Ia 4500008004100000020001800041040001900059041001200078082002700090100002100117245008100138260002700219300002900246504001900275650001400294850002000308131103s9999 xx 000 0 und d a81 259 1154 5 aLoreto College aEnglish a371.3/CHAbLCBED/14447 aChadha, Anupriya 2aA guide to educating childrenb with learning disabilities cAnupriya Chadha aNew DelhibVikasc2007 avii,157p.b ill.c 23cm. aIncludes index aEducation aLCBED/371.3/CHA